<?xml version="1.0" encoding="UTF-8"?><marc:collection xmlns:marc="http://www.loc.gov/MARC21/slim">
  <marc:record>
    <marc:leader>00000nam  2200000zi 4500</marc:leader>
    <marc:controlfield tag="001">9.916003</marc:controlfield>
    <marc:controlfield tag="003">CaOODSP</marc:controlfield>
    <marc:controlfield tag="005">20250206125414</marc:controlfield>
    <marc:controlfield tag="006">m     o  d f      </marc:controlfield>
    <marc:controlfield tag="007">cr cn|||||||||</marc:controlfield>
    <marc:controlfield tag="008">221006t20222022oncao   o    f000 0 fre d</marc:controlfield>
    <marc:datafield tag="020" ind1=" " ind2=" ">
      <marc:subfield code="a">9780660457406</marc:subfield>
    </marc:datafield>
    <marc:datafield tag="040" ind1=" " ind2=" ">
      <marc:subfield code="a">CaOODSP</marc:subfield>
      <marc:subfield code="b">fre</marc:subfield>
      <marc:subfield code="e">rda</marc:subfield>
      <marc:subfield code="c">CaOODSP</marc:subfield>
    </marc:datafield>
    <marc:datafield tag="043" ind1=" " ind2=" ">
      <marc:subfield code="a">n-cn---</marc:subfield>
    </marc:datafield>
    <marc:datafield tag="086" ind1="1" ind2=" ">
      <marc:subfield code="a">HP45-7/2022F-PDF</marc:subfield>
    </marc:datafield>
    <marc:datafield tag="245" ind1="0" ind2="0">
      <marc:subfield code="a">Norme canadienne sur la biosécurité pour les installations où sont manipulés ou entreposés des agents pathogènes humains, des agents pathogènes d'animaux terrestres et des toxines.</marc:subfield>
    </marc:datafield>
    <marc:datafield tag="246" ind1="1" ind2="3">
      <marc:subfield code="a">Norme canadienne sur la biosécurité, troisième édition</marc:subfield>
    </marc:datafield>
    <marc:datafield tag="246" ind1="1" ind2="7">
      <marc:subfield code="a">Norme canadienne sur la biosécurité</marc:subfield>
    </marc:datafield>
    <marc:datafield tag="250" ind1=" " ind2=" ">
      <marc:subfield code="a">Troisième édition.</marc:subfield>
    </marc:datafield>
    <marc:datafield tag="264" ind1=" " ind2="1">
      <marc:subfield code="a">[Ottawa] : </marc:subfield>
      <marc:subfield code="b">Agence de la santé publique du Canada = Public Health Agency of Canada, </marc:subfield>
      <marc:subfield code="c">novembre 2022.</marc:subfield>
    </marc:datafield>
    <marc:datafield tag="264" ind1=" " ind2="4">
      <marc:subfield code="a">©2022</marc:subfield>
    </marc:datafield>
    <marc:datafield tag="300" ind1=" " ind2=" ">
      <marc:subfield code="a">1 ressource en ligne (xxxii, 161 pages) : </marc:subfield>
      <marc:subfield code="b">illustration, photographies</marc:subfield>
    </marc:datafield>
    <marc:datafield tag="336" ind1=" " ind2=" ">
      <marc:subfield code="a">texte</marc:subfield>
      <marc:subfield code="b">txt</marc:subfield>
      <marc:subfield code="2">rdacontent/fre</marc:subfield>
    </marc:datafield>
    <marc:datafield tag="337" ind1=" " ind2=" ">
      <marc:subfield code="a">informatique</marc:subfield>
      <marc:subfield code="b">c</marc:subfield>
      <marc:subfield code="2">rdamedia/fre</marc:subfield>
    </marc:datafield>
    <marc:datafield tag="338" ind1=" " ind2=" ">
      <marc:subfield code="a">ressource en ligne</marc:subfield>
      <marc:subfield code="b">cr</marc:subfield>
      <marc:subfield code="2">rdacarrier/fre</marc:subfield>
    </marc:datafield>
    <marc:datafield tag="500" ind1=" " ind2=" ">
      <marc:subfield code="a">Publié aussi en anglais sous le titre : Canadian biosafety standard for facilities handling and storing human and terrestrial animal pathogens and toxins.</marc:subfield>
    </marc:datafield>
    <marc:datafield tag="500" ind1=" " ind2=" ">
      <marc:subfield code="a">Titre de la couverture.</marc:subfield>
    </marc:datafield>
    <marc:datafield tag="500" ind1=" " ind2=" ">
      <marc:subfield code="a">« Numéro de la publication : 220464 ».</marc:subfield>
    </marc:datafield>
    <marc:datafield tag="504" ind1=" " ind2=" ">
      <marc:subfield code="a">Comprend des références bibliographiques (pages 148-150).</marc:subfield>
    </marc:datafield>
    <marc:datafield tag="505" ind1="0" ind2=" ">
      <marc:subfield code="a">Préface -- Abbréviations et sigles -- Glossaire -- Chapitre 1, Introduction -- Chapitre 2, Comment utiliser la Norme canadienne sur la biosécurité -- Chapitre 3, Exigences physiques en matière de confinement -- Chapitre 4, Exigences opérationnelles -- Exigences relatives aux essais de vérification et de performance -- Références -- Annexe A, Principales exigences législatives et réglementaires.</marc:subfield>
    </marc:datafield>
    <marc:datafield tag="520" ind1="0" ind2=" ">
      <marc:subfield code="a">« La Norme canadienne sur la biosécurité (NCB), troisième édition, 2022, du gouvernement du Canada, est la norme nationale pour les installations où sont manipulés ou entreposés des agents pathogènes humains, des agents pathogènes d’animaux terrestres et des toxines réglementés » -- Préface, page iv.</marc:subfield>
    </marc:datafield>
    <marc:datafield tag="650" ind1=" " ind2="6">
      <marc:subfield code="a">Biologie</marc:subfield>
      <marc:subfield code="x">Laboratoires</marc:subfield>
      <marc:subfield code="x">Sécurité</marc:subfield>
      <marc:subfield code="x">Mesures</marc:subfield>
      <marc:subfield code="x">Normes</marc:subfield>
      <marc:subfield code="z">Canada.</marc:subfield>
    </marc:datafield>
    <marc:datafield tag="650" ind1=" " ind2="6">
      <marc:subfield code="a">Médecine</marc:subfield>
      <marc:subfield code="x">Laboratoires</marc:subfield>
      <marc:subfield code="x">Sécurité</marc:subfield>
      <marc:subfield code="x">Mesures</marc:subfield>
      <marc:subfield code="x">Normes</marc:subfield>
      <marc:subfield code="z">Canada.</marc:subfield>
    </marc:datafield>
    <marc:datafield tag="650" ind1=" " ind2="6">
      <marc:subfield code="a">Micro-organismes pathogènes</marc:subfield>
      <marc:subfield code="x">Sécurité</marc:subfield>
      <marc:subfield code="x">Mesures</marc:subfield>
      <marc:subfield code="x">Normes</marc:subfield>
      <marc:subfield code="z">Canada.</marc:subfield>
    </marc:datafield>
    <marc:datafield tag="650" ind1=" " ind2="6">
      <marc:subfield code="a">Biosécurité</marc:subfield>
      <marc:subfield code="x">Normes</marc:subfield>
      <marc:subfield code="z">Canada.</marc:subfield>
    </marc:datafield>
    <marc:datafield tag="710" ind1="2" ind2=" ">
      <marc:subfield code="a">Agence de santé publique du Canada, </marc:subfield>
      <marc:subfield code="e">organisme de publication.</marc:subfield>
    </marc:datafield>
    <marc:datafield tag="710" ind1="2" ind2=" ">
      <marc:subfield code="a">Agence canadienne d'inspection des aliments, </marc:subfield>
      <marc:subfield code="e">organisme de publication.</marc:subfield>
    </marc:datafield>
    <marc:datafield tag="775" ind1="0" ind2="8">
      <marc:subfield code="t">Canadian biosafety standard for facilities handling and storing human and terrestrial animal pathogens and toxins.</marc:subfield>
      <marc:subfield code="w">(CaOODSP)9.916002</marc:subfield>
    </marc:datafield>
    <marc:datafield tag="795" ind1=" " ind2=" ">
      <marc:subfield code="t">Norme canadienne sur la biosécurité pour les installations où on manipule ou entrepose des agents pathogènes qui touchent les humains et les animaux terrestes, et des toxines </marc:subfield>
      <marc:subfield code="w">(CaOODSP)9.677534</marc:subfield>
    </marc:datafield>
    <marc:datafield tag="856" ind1="4" ind2="0">
      <marc:subfield code="q">PDF</marc:subfield>
      <marc:subfield code="s">9.23 Mo</marc:subfield>
      <marc:subfield code="u">https://publications.gc.ca/collections/collection_2022/aspc-phac/HP45-7-2022-fra.pdf</marc:subfield>
    </marc:datafield>
    <marc:datafield tag="856" ind1="4" ind2=" ">
      <marc:subfield code="q">HTML</marc:subfield>
      <marc:subfield code="s">S.O.</marc:subfield>
      <marc:subfield code="u">https://www.canada.ca/fr/sante-publique/services/normes-lignes-directrices-canadiennes-biosecurite/troisieme-edition.html</marc:subfield>
    </marc:datafield>
    <marc:datafield tag="986" ind1=" " ind2=" ">
      <marc:subfield code="a">220464</marc:subfield>
    </marc:datafield>
  </marc:record>
</marc:collection>
